00881nam a2200205 a 450000100100000000500170001000800410002704000250006808200160009310000360010924500590014526000370020430000260024149000130026750000440028050400730032459000750039795201860047299900170065800003613920200930074919.0101014s1944 ht 000 0 cpf d aDO-SdBNPbspacBNPHU axxxxbR859g1 aRoumain, Jacques,d1907-96217510aGouverneurs de la Rosée :broman /cJacques Roumain. aPort-au-Prince :bFardin,c1944. axiv, 321 p. ;c19 cm.1 aIndigene aIncluye datos biográficos de la autor aIncluye referencias bibliográficas y notas al pie de las páginas aPerteneció a la biblioteca personal de Juan Isidro Jimenes Grullón 001050718MOaGRbGRcCTd2011-12-19iLF1l0oxxxx R859gp36139-10r2020-06-25w2020-06-25y1zPerteneció a la biblioteca personal de Juan Isidro Jimenes GrullónZNo se presta c35630d35630